ARRUPE JESUIT UNIVERSITY

CORONAVIRUS -STOP THE SPREAD - CLEAN,DISINFECT,COVER

Religion and Democracy in Africa (Record no. 119965)

MARC details
000 -LEADER
fixed length control field 00446nam a22001457a 4500
008 - FIXED-LENGTH DATA ELEMENTS--GENERAL INFORMATION
fixed length control field 140205b xxu||||| |||| 00| 0 eng d
050 ## - LIBRARY OF CONGRESS CALL NUMBER
Classification number DT30.5.R96
100 ## - MAIN ENTRY--PERSONAL NAME
Personal name Prof. T.O. Ranger
9 (RLIN) 8048
245 ## - TITLE STATEMENT
Title Religion and Democracy in Africa
Statement of responsibility, etc Prof. T.O. Ranger
260 ## - PUBLICATION, DISTRIBUTION, ETC. (IMPRINT)
Place of publication, distribution, etc Harare
Name of publisher, distributor, etc Arrupe College
Date of publication, distribution, etc 2000
300 ## - PHYSICAL DESCRIPTION
Extent 14p. ;
Dimensions 27cm.
500 ## - GENERAL NOTE
General note Stenciled notes of a lecture
650 ## - SUBJECT ADDED ENTRY--TOPICAL TERM
Topical term or geographic name as entry element Democracy
General subdivision Religion
Geographic subdivision Africa
9 (RLIN) 8049
942 ## - ADDED ENTRY ELEMENTS (KOHA)
Source of classification or shelving scheme Library of Congress Classification
Item type Monograph ( Printed materials)
Holdings
Withdrawn status Lost status Source of classification or shelving scheme Damaged status Not for loan Collection code Home library Current library Shelving location Date acquired Total Checkouts Full call number Barcode Date last seen Date last borrowed Price effective from Koha item type
    Library of Congress Classification     Main Collection ARRUPE LIBRARY ARRUPE LIBRARY Main Collection 05/02/2014 3 DT30.5.R96 46411901 03/10/2024 05/02/2024 05/02/2014 Monograph ( Printed materials)

 

Arrupe Library. PO Box MP320 Mt Pleasant, Harare, Zimbabwe
263 242 745411|librarian@aju.ac.zw